ENCYCLOPEDIA OF DISASTERS ENVIRONMENTAL (Record no. 23221)

MARC details
000 -LEADER
fixed length control field 00367nam a2200145Ia 4500
008 - FIXED-LENGTH DATA ELEMENTS--GENERAL INFORMATION
fixed length control field 240624s9999 xx 000 0 und d
041 ## - LANGUAGE CODE
Language code of text/sound track or separate title eng
082 ## - DEWEY DECIMAL CLASSIFICATION NUMBER
Classification number 904 GUN
100 ## - MAIN ENTRY--PERSONAL NAME
Personal name GUNN ANGUS M
245 ## - TITLE STATEMENT
Title ENCYCLOPEDIA OF DISASTERS ENVIRONMENTAL
260 ## - PUBLICATION, DISTRIBUTION, ETC.
Date of publication, distribution, etc. 2008
Place of publication, distribution, etc. London
Name of publisher, distributor, etc. Greenwood Press
300 ## - PHYSICAL DESCRIPTION
Extent lxiii, : 358 : p. : cm. ; 26
365 ## - TRADE PRICE
Currency code
Price amount 25
440 ## - SERIES STATEMENT/ADDED ENTRY--TITLE
Volume/sequential designation 2
Holdings
Withdrawn status Lost status Damaged status Not for loan Home library Current library Shelving location Date acquired Source of acquisition Cost, normal purchase price Full call number Barcode Date last seen Copy number Price effective from Koha item type
        IMTN IMTN Rack 43-B 09/29/2014 RW 175.00 904 GUN 23221 06/24/2024 64.2 06/24/2024 Books
Designed & Maintained by: LRC IMT Nagpur Contact: lrc@imtnag.ac.in© 2024. All Rights Reserved.